Διατροφή και γεωργία στη Μεσόγειο : αυτάρκεια ή εξάρτηση
Αποθηκεύτηκε σε:
| Άλλοι συγγραφείς: | |
|---|---|
| Μορφή: | Βιβλίο |
| Γλώσσα: | Greek |
| Δημοσίευση: |
Αθήνα :
Α.Τ.Ε.,
1986.
|
| Σειρά: | Ειδικές επιστημονικές μελέτες ;
2 |
| Θέματα: | |
| Ετικέτες: |
Προσθήκη ετικέτας
Δεν υπάρχουν, Καταχωρήστε ετικέτα πρώτοι!
|
MARC
| LEADER | 00000cam a2200000 i 4500 | ||
|---|---|---|---|
| 001 | 1/22306 | ||
| 008 | 960430s1986 gr | ||| |||| ||gre|| | ||
| 035 | |l 10021875 | ||
| 040 | |a GR-MyUa |b gre |e AACR2 | ||
| 041 | 0 | |a gre | |
| 082 | 7 | |a 338.1909182 |2 (22) | |
| 245 | 0 | 0 | |a Διατροφή και γεωργία στη Μεσόγειο : |b αυτάρκεια ή εξάρτηση / |c Μιχάλης Παπαγιαννάκης...[κ.α]. |
| 260 | |a Αθήνα : |b Α.Τ.Ε., |c 1986. | ||
| 300 | |a 181 σ. ; |c 24 εκ. | ||
| 490 | 1 | |a (Ειδικές επιστημονικές μελέτες ; |v 2) | |
| 650 | 0 | |a Agriculture |z Mediterranean Region. | |
| 650 | 0 | 0 | |a Agriculture and state |z Mediterranean Region. |
| 650 | 0 | |a Food supply |z Mediterranean Region. | |
| 700 | 1 | |a Papayannakis, Michel. | |
| 830 | 0 | |a Ειδικές επιστημονικές μελέτες ; |v 2 | |
| 852 | |a INST |b CHIOS |e 19960430 |h 338.19091822 ΔΙΑ |p 005200005686 |q 005200005686 |t BK |y 0 | ||
| 852 | |a INST |b CHIOS |e 19960719 |h 338.19091822 ΔΙΑ |p 005200007070 |q 005200007070 |t BK |y 0 | ||
| 852 | |a INST |b LESVOS |e 19961024 |h 338.19091822 ΔΙΑ |p 005100025358 |q 005100025358 |t BK |y 12 | ||